Capitales del mundo más cercanas a Doha - Estadísticas

Estadísticas generales
  • Esta prueba ha sido intentada 36 veces
    31 desde el último reinicio
  • La puntuación promedio es 15 de 20
Estadísticas de respuestas
km capital % Correcto
302 Abu Dhabi
97%
1748 Jerusalén
97%
575 Kuwait
97%
492 Riad
93%
1158 Teherán
93%
1693 Amán
86%
1131 Bagdad
86%
1343 Saná
86%
722 Mascate
83%
1734 Damasco
79%
1818 Beirut
76%
1989 Kabul
72%
1686 Bakú
69%
1783 Ereván
69%
140 Manama
69%
2059 Nicosia
66%
1930 Tiflis
66%
1549 Asjabad
48%
1764 Yibuti
48%
1718 Asmara
34%
No se encontraron pruebas coincidentes
Distribución de puntuación
Porcentaje de gente con cada puntuación
Porcentaje por número respondido
Historial de tus puntuaciones
No has intentado esta prueba desde el último reinicio